00413pab a2200157 454500008004000000100002000040245005300060260000900113300001300122362001200135650001900147650001800166650001000184700002200194773003900216180718b2000 xxu||||| |||| 00| 0 eng d aSharmugam, K.R. aLabour use efficiency of banking sector in India c2000 ap.989-99 aOct-Dec aLabour - India aBanks - India aBanks aLakshmanasamy, T. aIndian Journal of Labour Economics